000
00287nam a2200145Ia 4500
100
_a
Shanley
942
_c
BK
654
_a
Mechanics
245
_a
Mechanics Of Materials
260
_b
McGraw Hill
_c
2001
082
_a
621.1
_b
SHA
300
_a
455
546
_a
ENGLISH
999
_c
23107
_d
23107